000 00541nmm a2200169Ia 4500
008 251105s9999||||xx |||||||||||||||||und||
020 _a9788437073828
041 _aspa
100 _aSoler Marco, Vicent
245 0 _aEconomía española y del País Valenciano
264 _a[Madrid, España] :
_bPublicaciones de la Universidad de Valencia (PUV),
_c2009
300 _a572 páginas
490 _aEducació. Serie materials
650 _aEconomics and Business
856 _uhttps://public.digitaliapublishing.com/a/35174
942 _cCF
999 _c82457
_d82457